00657nam a2200193 4500001000700000003000900007005001700016007000300033008004100036100002700077245008100104250001400185260004200199300002100241700002800262852003200290999001900322952012200341111143ES-MaACL20230906185241.0t|061121s1967 xxk r ||||1| eng d1 aNaylor, Vera M.98524614aThe sufferings of the cancer patients / cVera M. Naylor and David Michaels. a1st publ. aLondon : bHutchinson Benham, c1967. a93 p. ; c22 cm.1 aMichaels, David.980863 aES-MaACLjC-37000 bR.69943 c111143d111143 00104070aATENEOMbATENEOMcDEPO2d2008-01-17eSCl0oC-37000p1115957r2023-02-23 00:00:00w2023-02-23yMONOGRAFIA